000 00522nam a2200169Ia 4500
999 _c29652
_d29652
003 OSt
005 20201209152228.0
008 190216s9999||||xx |||||||||||||| ||und||
040 _coclc
082 _a894.8124
_bACH/G
100 _aAchuthanunny, Chathanath
_96983
245 0 _aGaveshanam :
_bPrabandarajanayute Thatwangal /
_cChathanath Achuthanunny
260 _bCurrent Books,
_c2006.
_aKottayam:
300 _a147p
650 _aLekhanam
942 _cBK
_2ddc
_h894.8124
_iACH/G
_k894.8124
_mACH/G